| 000 | 00431nam a22001577a 4500 | ||
|---|---|---|---|
| 003 | MPLRDC | ||
| 005 | 20220104144423.0 | ||
| 008 | 210129b ||||| |||| 00| 0 eng d | ||
| 082 | _a577.2386 QTY c.2 | ||
| 100 | _a青团运文化组主编 | ||
| 245 |
_a爱我华裔文化 _c |
||
| 260 |
_a _b马来西亚青年团结运动 _c1982 |
||
| 300 | _b平 | ||
| 650 | _a移民及侨民--各地华侨状况 | ||
| 942 |
_cBK _o577.2386 QTY c.2 |
||
| 999 |
_c49430 _d49420 |
||